000 00661nam a2200241 a 4500
001 0001-1145
003 ELIB.Books
008 150505 2010 eng
020 _a1559637994
035 _a(ELIB.Books)0001-1300
092 _a333.95
_bRab
100 _aRabinowitz, Alan
245 _aBeyond The Last Village
_bA Journey of Discovery in Asia's Forbidden Wilderness
260 _aWashington
_bIsland Press
_c2001
300 _a300
_c24 Cm
500 _aC/o Dr. Yahalaylayla
650 _aZoology-Burma
856 _nKBTS: Library
_uKBTS: Elib
942 _2ddc
_cBK
990 _a1
998 _cbat
_e2015-05-05
999 _c11145
_d11145